00669nam a2200193Ia 4500008004100000020001500041082001800056100002200074245009200096250000800188260003500196300002900231500001900260600002700279650001500306942000700321952013200328999001500460240925s9999 xx 000 0 und d a007009960x a621.38223 CAR aCarlson ,A. Bruce 0aCommunication Systems: An introduction to signals and noise in electrical communication a3rd aNew York:bMcGraw-Hillc,1986. axviii,798p.bNAfPirated aIncludes Index aElectrical Engineering aTechnology cBK 011040708ELaUITUbUITUd1996-12-04eFarooq Kitab Gharg130.00l0o621.38223 CARpQ0864r2024-09-25 07:12:14w2024-09-25yBK c3363d3363